000 00388nam a22001457a 4500
020 _a9780471309291
040 _cNust
082 _a008.8782
_bHEI
100 _aLoren Heiny
_9127340
245 _aPower graphics using Turbo C++
250 _a2nd edition
260 _aNew York:
_bJohn Wiley and sons Inc,
_c1994.
650 _aPower graphics using Turbo C++
_9127341
942 _2ddc
_cBK
999 _c612487
_d612487